MARC

LEADER 00000naa2a2200000 4500
001 609196
005 20231101132538.0
035 |a (RuTPU)RU\TPU\conf\6643 
035 |a RU\TPU\conf\6640 
090 |a 609196 
100 |a 20141029d2014 k y0rusy50 ca 
101 0 |a rus 
102 |a RU 
105 |a y z 101zy 
135 |a drgn ---uucaa 
181 0 |a i  
182 0 |a b 
200 1 |a Математическое моделирование процесса резания при шлифовании  |f Е. М. Буракова 
203 |a Текст  |c электронный 
225 1 |a Математическое моделирование технических и эколого-экономических систем 
230 |a 1 компьютерный файл (pdf; 445 Kб) 
300 |a Заглавие с титульного экрана 
320 |a [Библиогр.: с. 241-242 (9 назв.)] 
337 |a Adobe Reader 
463 0 |0 (RuTPU)RU\TPU\conf\6235  |t Математика в естественнонаучных исследованиях  |o сборник трудов Всероссийской научно-практической конференции молодых ученых, аспирантов и студентов, г. Юрга, 9-10 октября 2014 г.  |f Томский политехнический университет (ТПУ), Юргинский технологический институт (ЮТИ) ; ред. кол. О. Б. Березовская и др.  |v [С. 238-242]  |d 2014 
610 1 |a труды учёных ТПУ 
610 1 |a электронный ресурс 
610 1 |a математическое моделирование 
610 1 |a резание 
610 1 |a шлифование 
610 1 |a тепловые процессы 
610 1 |a механические процессы 
700 1 |a Буракова  |b Е. М.  |c специалист в области машиностроения  |c лаборант Юргинского технологического института Томского политехнического университета  |g Екатерина Михайловна  |2 stltpush  |3 (RuTPU)RU\TPU\pers\32918 
712 0 2 |a Национальный исследовательский Томский политехнический университет (ТПУ)  |b Юргинский технологический институт (филиал) (ЮТИ)  |b Кафедра технологии машиностроения (ТМС)  |h 356  |2 stltpush  |3 (RuTPU)RU\TPU\col\18902 
801 2 |a RU  |b 63413507  |c 20220216  |g RCR 
856 4 |u http://earchive.tpu.ru/handle/11683/69585 
856 4 |u http://www.lib.tpu.ru/fulltext/c/2014/C80/074.pdf 
942 |c BK